Datum a čas kvízu
35
Celkem bodů
Celkový počet nahraných bodů na tomto kvízu bez doplňovacích otázek.
6.
Pořadí na kvízu
Konečné umístění týmu na tomto kvízu.
Zaznamenané odpovědi
| # | Otázka | Odpověď | Body | Výsledky |
|---|---|---|---|---|
| 1. | Který český politik během svéh... | Petr Pavel | 0 | |
| 2. | Minulou středu odstartovala z... | A | 1 | |
| 3. | Která světově proslulá zpěvačk... | Céline Dion | 1 | |
| 4. | Jeden evropský výrobce nákladn... | Mercedes(-Benz) | 0 | |
| 5. | „Všichni už jsou v Mexiku, Bue... | 3:1 | 1 | |
| 6. | Vítězné téma facebookového hla... | 1A 2C 3D 4B | 0 | |
| 7. | Ve Formuli 1 můžeme občas zazn... | A | 0 | |
| 8. | Nejvíce velkých cen, k sezóně... | A | 0 | |
| 9. | Tato stáj působila ve Formuli... | Benetton | 0 | |
| 10. | Ve kterém státě se nachází záv... | v Japonsku | 0 |